| 000 | 00782nam a2200241 a 4500 | ||
|---|---|---|---|
| 008 | 120416s1998 ||||||||||||||||| || u | ||
| 020 | _a0133562549 | ||
| 050 | _aHD 30.22 Slo | ||
| 100 | _aSloman, John, 1947- | ||
| 245 | 1 | 0 | _aEconomics for business |
| 260 |
_aLondon: _bPrentice-Hall Europe _c1998 |
||
| 300 | _axvi, 607, [22] p. : col. ill. | ||
| 350 | _a0.00 | ||
| 500 | _aIncludes index. | ||
| 650 | _aGreat Britain--Commercial policy | ||
| 650 | _aGREAT BRITAIN--ECONOMIC POLICY--1945- | ||
| 650 | 0 | _aBUSINESS | |
| 650 | 0 | _aMANAGEMENT | |
| 650 | 0 | _aECONOMICS | |
| 650 | 0 | _aCOMMERCE | |
| 700 | _aSutcliffe, Mark | ||
| 995 |
_D0.00 _FCBU-MAIN LIBRARY (Kitwe) _H1 _I30.50 _M1 _UDAMAGED _ZMain Library Open Access Collection |
||
| 999 |
_c40989 _d40989 |
||